Movies Quiz

Random Movies or Oscar Quiz

100 Worst Oscar Snubs Quiz Stats

 Plays Quiz not verified by Sporcle

Score 0/100 Timer 12:00
0 Plays Today
Movie (Year) Actor/Actress % Correct
Vertigo (1958)James Stewart
87.8%
Eternal Sunshine of the Spotless Mind (2004)Jim Carrey
85.9%
Donnie Brasco (1997)Al Pacino
84.9%
The Wizard of Oz (1939)Judy Garland
82.5%
Groundhog Day (1993)Bill Murray
81.9%
The Shining (1980)Jack Nicholson
81.3%
Some Like It Hot (1959)Marilyn Monroe
81%
The Treasure of the Sierra Madre (1948)Humphrey Bogart
80.1%
Philadelphia (1993)Denzel Washington
80%
The Talented Mr. Ripley (1999)Matt Damon
77.6%
My Fair Lady (1964)Audrey Hepburn
76.8%
Ed Wood (1994)Johnny Depp
76.5%
Mean Streets (1973)Robert De Niro
75.8%
Bringing Up Baby (1938)Katharine Hepburn
75.8%
Psycho (1960)Anthony Perkins
74.8%
Being John Malkovich (1999)John Malkovich
73.5%
Casablanca (1942)Ingrid Bergman
71.9%
Fast Times at Ridgemont High (1982)Sean Penn
71%
Singin' in the Rain (1952)Gene Kelly
69.4%
Bull Durham (1988)Susan Sarandon
68.8%
In the Heat of the Night (1967)Sidney Poitier
68.4%
A Clockwork Orange (1971)Malcolm McDowell
66.9%
The Philadelphia Story (1940)Cary Grant
66.7%
From Russia With Love (1963)Sean Connery
66.1%
The Pink Panther (1964)Peter Sellers
66%
Young Frankenstein (1974)Gene Wilder
65.9%
Rosemary's Baby (1968)Mia Farrow
63.9%
The Searchers (1956)John Wayne
62.6%
Die Hard (1988)Alan Rickman
62.4%
The Rocky Horror Picture Show (1975)Tim Curry
60.6%
Moulin Rouge (2001)Ewan McGregor
60.5%
Heavenly Creatures (1994)Kate Winslet
60%
Sideways (2004)Paul Giamatti
59.5%
The General (1927)Buster Keaton
59.4%
Movie (Year) Actor/Actress % Correct
Dolores Claiborne (1995)Kathy Bates
57.7%
Mulholland Dr. (2001)Naomi Watts
55.5%
Mommie Dearest (1981)Faye Dunaway
54%
Blue Velvet (1986)Dennis Hopper
53.5%
Safe (1995)Julianne Moore
53.2%
Sid & Nancy (1986)Gary Oldman
52.6%
Glory (1989)Morgan Freeman
52.1%
Mask (1985)Cher
51.8%
The Manchurian Candidate (1962)Frank Sinatra
51.7%
Body Heat (1981)Kathleen Turner
50%
The Postman Always Rings Twice (1946)Lana Turner
48.9%
Touch of Evil (1958)Orson Welles
47.7%
Ordinary People (1980)Donald Sutherland
47.4%
Jaws (1975)Robert Shaw
46.3%
Quiz Show (1994)Ralph Fiennes
45.2%
Paths of Glory (1957)Kirk Douglas
43.6%
Doctor Zhivago (1965)Julie Christie
43.2%
White Heat (1949)James Cagney
42.1%
Of Human Bondage (1934)Bette Davis
41.4%
Frankenstein (1931)Boris Karloff
39.2%
Far from Heaven (2002)Dennis Quaid
38.2%
Jungle Fever (1991)Samuel L. Jackson
38%
All of Me (1984)Steve Martin
37.6%
The Godfather: Part 2 (1974)John Cazale
37.6%
The Right Stuff (1983)Ed Harris
37.5%
Reversal of Fortune (1990)Glenn Close
37.2%
Gilda (1946)Rita Hayworth
36.6%
Badlands (1973)Sissy Spacek
36.4%
The Ice Storm (1997)Sigourney Weaver
36.2%
The Man Who Would Be King (1975)Michael Caine
35.7%
The Night of the Hunter (1955)Robert Mitchum
35.6%
Sweet Smell of Success (1957)Tony Curtis
35.5%
Waiting to Exhale (1995)Angela Bassett
35.4%
Juno (2007)J.K. Simmons
34.9%
Movie (Year) Actor/Actress % Correct
The Quiet Man (1952)Maureen O'Hara
34.1%
For Your Consideration (2006)Catherine O'Hara
33.5%
Sherrybaby (2006)Maggie Gyllenhaal
32.9%
To Have and Have Not (1944)Lauren Bacall
32.8%
Boyz N the Hood (1991)Laurence Fishburne
30.4%
His Girl Friday (1940)Rosalind Russell
30.1%
Full Metal Jacket (1987)Vincent D'Onofrio
29.8%
Kind Hearts and Coronets (1950)Alec Guinness
29.8%
The Opposite of Sex (1998)Christina Ricci
28.5%
Star 80 (1983)Eric Roberts
25.2%
It's a Wonderful Life (1946)Lionel Barrymore
24.2%
North Dallas Forty (1979)Nick Nolte
23.8%
Double Indemnity (1944)Edward G. Robinson
23%
Laura (1944)Gene Tierney
21.8%
Witness for the Prosecution (1957)Marlene Dietrich
21.1%
The Dead (1987)Anjelica Huston
20.6%
Throne of Blood (1957)Toshiro Mifune
18.7%
Shadow of a Doubt (1943)Joseph Cotten
15.7%
The House of Mirth (2000)Gillian Anderson
15%
Pennies From Heaven (1981)Christopher Walken
12.9%
The Glass Menagerie (1987)Joanne Woodward
12.3%
Nothing Sacred (1937)Carole Lombard
11.9%
Strangers on a Train (1951)Robert Walker
11.6%
Scenes From a Marriage (1974)Liv Ullmann
10.7%
Happiness (1998)Dylan Baker
10.3%
Blue Collar (1978)Richard Pryor
10.2%
Gentleman Jim (1942)Errol Flynn
9.3%
Crooklyn (1994)Alfre Woodard
8.2%
The Passion of Joan of Arc (1928)Maria Falconetti
7.8%
Kansas City (1996)Harry Belafonte
5.6%
The 400 Blows (1959)Jean-Pierre Leaud
4.8%
Ran (1985)Mieko Harada
2.5%

You're not logged in!

Compare scores with friends on all Sporcle quizzes.
OR
Log In

Show Comments

Extras

Top Quizzes Today


Score Distribution

Your Account Isn't Verified!

In order to create a playlist on Sporcle, you need to verify the email address you used during registration. Go to your Sporcle Settings to finish the process.

Report this User

Report this user for behavior that violates our Community Guidelines.

Details: